LEADER 01253nas a2200337 i 4500 001 000000147719 003 CaOOAMICUS 005 20070523000000.0 008 060119b2006 it uu u0 0ita r 013 $a125016 040 $aSeMil$bita 245 10$a[2006]. 260 $aRoma :$bAssociazione Italiana Santa Cecilia,$c2006. 300 $a320 p. :$bill. ;$c24 cm + [1] allegato. 500 $aIn Allegato : Supplemento. 774 0 $t[SENZA TITOLO].$w()263583 774 0 $aBaggiani, Franco$tVoce centenaria per la Chiesa Italiana.$w()263585 774 0 $t[SENZA TITOLO].$w()263641 774 0 $t[SENZA TITOLO].$w()263893 774 0 $t[SENZA TITOLO].$w()264000 774 0 $t[SENZA TITOLO].$w()264413 774 0 $t[SENZA TITOLO].$w()264606 774 0 $t[SENZA TITOLO].$w()264781 774 0 $t[SENZA TITOLO].$w()265080 774 0 $t[SENZA TITOLO].$w()265667 774 0 $t[SENZA TITOLO].$w()265670 850 $aSeMil 852 $aSeMil$W1$xVenegono$y1$m189 4 34$j100255$B100255$CSeMilBibl$Z2$F123441 $85 961 $aAbbonamento: AISC - Ass. Italiana Santa Cecilia 996 $6245$a[2006]$9(OLS)http://semarc/title/140392 996 $6260$aRoma :$bAssociazione Italiana Santa Cecilia$9(OLS)http://semarc/publisher/35128 LEADER 01201nam a2200265 i 4500 001 000000090401 003 CaOOAMICUS 005 20160203000000.0 008 160203s2015 xx u000 u spa u 013 $a62643 020 $a978-84-15027-85-0 040 $aSeMil$bita 100 1 $aRichi Alberti, Gabriel <1966- >.$0(OLS)http://semarc/name/31242 245 10$aIn sinu Populi Dei :$bespiritualidad presbiteral tras los pasos del Vaticano 2. /$cGabriel Richi Alberti. 260 $aMadrid :$bEd. Universidad San Dámaso,$ccopyr. 2015. 300 $a100 p. ;$c22 cm. 490 0 $aSubsidia ;$v44 650 4$aConcilio Vaticano II <1962-1965> - Sacerdozio.$0(OLS)http://semarc/subject/7960 830 0$aSubsidia ;$v44.$0(OLS)http://semarc/title/11390 850 $aSeMil 852 $aSeMil$W1$xVenegono$y1$m3G IV 372$j53369$B53369$CSeMilBibl$Z2$F58002 $81 961 $aOmaggio: Delpini mons. Mario 996 $6020$a978-84-15027-85-0$9(OLS)http://semarc/number/70401 996 $6245$aIn sinu Populi Dei :$bespiritualidad presbiteral tras los pasos del Vaticano 2.$9(OLS)http://semarc/title/136367 996 $6260$aMadrid :$bEd. Universidad San Dámaso$9(OLS)http://semarc/publisher/39471